Fascism : (Record no. 21559)

MARC details
000 -LEADER
fixed length control field 01389cam a22002655a 4500
001 - CONTROL NUMBER
control field 12867530
005 - DATE AND TIME OF LATEST TRANSACTION
control field 20170427115544.0
008 - FIXED-LENGTH DATA ELEMENTS--GENERAL INFORMATION
fixed length control field 020724s2002 enka frb f001 0 eng d
010 ## - LIBRARY OF CONGRESS CONTROL NUMBER
LC control number 2002029587
020 ## - INTERNATIONAL STANDARD BOOK NUMBER
International Standard Book Number 9780192801555
040 ## - CATALOGING SOURCE
Original cataloging agency DLC
Language of cataloging eng
Transcribing agency DLC
Modifying agency DLC
-- EG-ScBUE
-- EG-ScBUE
082 04 - DEWEY DECIMAL CLASSIFICATION NUMBER
Classification number 320.533
Item number PAS
Edition number 22
100 1# - MAIN ENTRY--PERSONAL NAME
Personal name Passmore, Kevin.
9 (RLIN) 39736
245 10 - TITLE STATEMENT
Title Fascism :
Remainder of title a very short introduction /
Statement of responsibility, etc Kevin Passmore.
260 ## - PUBLICATION, DISTRIBUTION, ETC. (IMPRINT)
Place of publication, distribution, etc Oxford ;
-- New York :
Name of publisher, distributor, etc Oxford University Press,
Date of publication, distribution, etc 2002.
300 ## - PHYSICAL DESCRIPTION
Extent 162 p. :
Other physical details ill. ;
Dimensions 18 cm.
490 0# - Series Statement
Series statement Very short introductions ;
Volume/sequential designation 77
500 ## - GENERAL NOTE
General note Index : p. 159-162.
504 ## - BIBLIOGRAPHY, ETC. NOTE
Bibliography, etc Bibliography : p. 157-158.
520 ## - SUMMARY, ETC.
Summary, etc Fascism is notoriously hard to define. Kevin Passmore unravels the paradoxes of one of the most important phenomena of the modern world - tracing its origins in the intellectual, political, and social crises of the late nineteenth century, fascist movements and regimes in Italy and Germany, and the fortunes of 'failed' fascist movements in Eastern Europe, Spain, and the Americas. He shows how important racist nationalism was to fascism, examines its appeal to women and men, workers and capitalists, and concludes with a look at the recent revival of the extreme right in Europe.
650 #7 - SUBJECT ADDED ENTRY--TOPICAL TERM
Topical term or geographic name as entry element Fascism.
Source of heading or term BUEsh
9 (RLIN) 39739
651 ## - SUBJECT ADDED ENTRY--GEOGRAPHIC NAME
Source of heading or term BUEsh
653 ## - INDEX TERM--UNCONTROLLED
Resource For college
-- Humanities: Psychology
Arrived date list April2016
-- April2017
942 ## - ADDED ENTRY ELEMENTS (KOHA)
Source of classification or shelving scheme Dewey Decimal Classification
Holdings
Withdrawn status Item status Source of classification or shelving scheme Damaged status Not for loan Vendor Home library Current library Shelving location Date acquired Source of acquisition Cost, normal purchase price Serial Enumeration / chronology Total Checkouts Total Renewals Full call number Barcode Date last seen Date last borrowed Cost, replacement price Koha item type
    Dewey Decimal Classification       Central Library Central Library First floor 03/04/2016 Purchase 84.00 229 1 1 320.533 PAS 000032246 15/07/2025 21/02/2017 105.00 Book - Borrowing
    Dewey Decimal Classification     Academic Bookshop Central Library Central Library First floor 27/04/2017 Purchase 63.00 1849     320.533 PAS 000041722 15/07/2025   78.75 Book - Borrowing